[Event "15th Unive op"]
[Site "Hoogeveen NED"]
[Date "2011.10.20"]
[Round "7.9"]
[White "Voekler, Bernd"]
[Black "Schoorl, Rob"]
[Result "1/2-1/2"]
[WhiteElo "2374"]
[BlackElo "2276"]
[EventDate "2011.10.14"]
[PlyCount "144"]

1.e4 e5 2.Nf3 Nc6 3.Bb5 a6 4.Ba4 Nf6 5.O-O b5 6.Bb3 Bb7 7.d4 Nxd4 8.Nxd4 
exd4 9.e5 Ne4 10.f3 Nc5 11.Qxd4 Nxb3 12.axb3 Qe7 13.Be3 O-O-O 14.Qa7 Qxe5 
15.Rxa6 Bd6 16.g3 Rde8 17.Bd4 Qg5 18.Rxd6 cxd6 19.Nc3 Re6 20.Qb6 Qd8 21.
Qxb5 Qc7 22.Qd3 Qc6 23.Nb5 Ba6 24.c4 Bxb5 25.cxb5 Qb7 26.Ra1 Rhe8 27.Ra7 
Re1+ 28.Kg2 R8e2+ 29.Kh3 Qd5 30.Qc3+ Kd8 31.g4 Ke7 32.Qc6 Qe6 33.Kg3 h5 
34.Qc4 hxg4 35.Qxe6+ Kxe6 36.b6 Kd5 37.Bf2 Rxf2 38.Kxf2 Re8 39.fxg4 Rb8 
40.Ra5+ Kc6 41.Rf5 f6 42.h4 Rxb6 43.Rf3 Kd5 44.Re3 Rb4 45.Kg3 Kd4 46.Kf3 
Kd5 47.h5 f5 48.gxf5 Rh4 49.Re7 Rxh5 50.Kf4 Rh2 51.Rxg7 Rf2+ 52.Kg5 Rxb2 
53.Rxd7 Rxb3 54.f6 Rf3 55.Re7 Kd4 56.f7 d5 57.Kg6 Rg3+ 58.Kf6 Rf3+ 59.Ke6 
Re3+ 60.Kd6 Rf3 61.Ra7 Ke4 62.Re7+ Kd4 63.Ke6 Re3+ 64.Kf6 Rf3+ 65.Kg7 Rg3+
66.Kf8 Rf3 67.Ke8 Kc3 68.Rc7+ Kd3 69.Ra7 Ke4 70.Ke7 d4 71.Ra6 Rxf7+ 72.
Kxf7 d3 1/2-1/2

[Event "15th Unive op"]
[Site "Hoogeveen NED"]
[Date "2011.10.20"]
[Round "7.10"]
[White "Van Eijk, Sander"]
[Black "Afek, Yochanan"]
[Result "1-0"]
[WhiteElo "2372"]
[BlackElo "2299"]
[EventDate "2011.10.14"]
[PlyCount "91"]

1.d4 c5 2.dxc5 e6 3.Nc3 Bxc5 4.e4 Nc6 5.Nf3 Qb6 6.Qd2 Nf6 7.Bd3 O-O 8.O-O 
Qc7 9.Qg5 Be7 10.e5 Ne8 11.Qg3 f5 12.Nb5 Qd8 13.Bf4 a6 14.Nd6 Nxd6 15.exd6
Bf6 16.c3 b5 17.Ne5 Bb7 18.a4 Nxe5 19.Bxe5 Qb6 20.axb5 axb5 21.Rxa8 Bxa8 
22.Ra1 Bc6 23.b4 Bxe5 24.Qxe5 Qb7 25.Bf1 Ra8 26.Rxa8+ Qxa8 27.c4 bxc4 28.
Bxc4 Qa4 29.h3 Kf8 30.Qc5 Qc2 31.b5 Bb7 32.Qd4 Qe4 33.Qxe4 fxe4 34.b6 Ke8 
35.Kf1 Kd8 36.Ke2 Kc8 37.Ke3 e5 38.Bg8 Bc6 39.Bxh7 Kb7 40.Bxe4 Kxb6 41.f4 
exf4+ 42.Kxf4 Bb5 43.h4 Kc5 44.Ke5 Be2 45.Bf3 Bd3 46.h5 1-0

[Event "15th Unive op"]
[Site "Hoogeveen NED"]
[Date "2011.10.20"]
[Round "7.11"]
[White "De Jong, Migchiel"]
[Black "Goudriaan, Etienne"]
[Result "0-1"]
[WhiteElo "2370"]
[BlackElo "2250"]
[EventDate "2011.10.14"]
[PlyCount "72"]

1.e4 c5 2.Nf3 d6 3.d4 cxd4 4.Nxd4 Nf6 5.Nc3 a6 6.Bc4 e6 7.O-O b5 8.Bb3 Be7
9.Qf3 Qb6 10.Be3 Qb7 11.a3 Nbd7 12.Qg3 Nc5 13.f3 O-O 14.Ba2 Bd7 15.b4 Na4 
16.Nxa4 bxa4 17.c4 Rab8 18.Rab1 Qa8 19.Rfc1 Rfc8 20.Kh1 Kh8 21.e5 Nh5 22.
Qh3 dxe5 23.Qxh5 exd4 24.Qxf7 dxe3 25.Qxe7 Bc6 26.Qg5 Rf8 27.Rf1 e2 28.Rf2
Bxf3 29.gxf3 Rxf3 30.Rxf3 Qxf3+ 31.Qg2 Rf8 32.Rg1 g6 33.c5 Qe3 34.Re1 Rf2 
35.Qa8+ Kg7 36.Qb7+ Kh6 0-1

[Event "15th Unive op"]
[Site "Hoogeveen NED"]
[Date "2011.10.20"]
[Round "7.12"]
[White "Hovenga, Alje"]
[Black "Popilski, Gil"]
[Result "0-1"]
[WhiteElo "2234"]
[BlackElo "2381"]
[EventDate "2011.10.14"]
[PlyCount "64"]

1.d4 Nf6 2.Nf3 b5 3.g3 Bb7 4.Bg2 e6 5.O-O d5 6.a4 b4 7.Ne5 c5 8.c4 bxc3 9.
bxc3 Nc6 10.Nxc6 Bxc6 11.Ba3 Rc8 12.dxc5 Be7 13.Nd2 O-O 14.Nf3 Ba8 15.Qd4 
Ne4 16.c6 Bxa3 17.Rxa3 Qe7 18.Rfa1 Rxc6 19.Ne5 Rc5 20.Bxe4 dxe4 21.Ng4 e5 
22.Qb4 f5 23.Ne3 f4 24.Nf1 a5 25.Qb3+ Bd5 26.Qb2 Qf7 27.e3 f3 28.Nd2 Qh5 
29.Qc1 Rc6 30.Qf1 Rh6 31.h3 Be6 32.h4 Qg4 0-1

[Event "15th Unive op"]
[Site "Hoogeveen NED"]
[Date "2011.10.20"]
[Round "7.13"]
[White "Lambrechts, Koen"]
[Black "Bezemer, Arno J"]
[Result "1/2-1/2"]
[WhiteElo "2233"]
[BlackElo "2351"]
[EventDate "2011.10.14"]
[PlyCount "96"]

1.e4 c5 2.Nf3 d6 3.d4 cxd4 4.Nxd4 Nf6 5.Nc3 a6 6.Bg5 Nbd7 7.Bc4 Qb6 8.Bb3 
e6 9.Bxf6 Nxf6 10.f4 e5 11.Ba4+ Ke7 12.Nde2 exf4 13.Bb3 Be6 14.Qd2 Qe3 15.
O-O-O g6 16.Nxf4 Qxd2+ 17.Rxd2 Bh6 18.g3 Rac8 19.Re2 Nd7 20.Kb1 Rhe8 21.
Rf2 Bg7 22.Ncd5+ Kd8 23.Nxe6+ fxe6 24.Rf7 Be5 25.Rxd7+ Kxd7 26.Nb6+ Ke7 
27.Nxc8+ Rxc8 28.Rf1 h5 29.c3 Rh8 30.Rg1 Rf8 31.Rg2 Rf3 32.Kc1 Bf6 33.Kd2 
Bg5+ 34.Ke2 Re3+ 35.Kd1 Rxe4 36.Bc2 Re5 37.Bxg6 Bf6 38.Bd3 d5 39.Re2 Rg5 
40.Kc2 Kd6 41.Rf2 Be7 42.Be2 e5 43.Rf7 h4 44.gxh4 Rg2 45.Kd1 Rxh2 46.h5 e4
47.a4 a5 48.Rg7 Rh1+ 1/2-1/2

[Event "15th Unive op"]
[Site "Hoogeveen NED"]
[Date "2011.10.20"]
[Round "7.14"]
[White "Svane, Rasmus"]
[Black "Meurs, Tom WA"]
[Result "1-0"]
[WhiteElo "2351"]
[BlackElo "2217"]
[EventDate "2011.10.14"]
[PlyCount "107"]

1.d4 d5 2.c4 c6 3.Nc3 Nf6 4.e3 e6 5.Nf3 Nbd7 6.Qc2 Bd6 7.b3 O-O 8.Bd3 a6 
9.O-O e5 10.cxd5 cxd5 11.dxe5 Nxe5 12.Nxe5 Bxe5 13.Bb2 Re8 14.Ne2 Bg4 15.
Bxe5 Rxe5 16.Rac1 Re7 17.Qb2 Rd7 18.Nd4 Be6 19.Rc2 Rc8 20.Rfc1 Rdc7 21.h3 
Rxc2 22.Rxc2 Rxc2 23.Qxc2 Qc8 24.Qxc8+ Bxc8 25.g4 Ne8 26.Kg2 h6 27.Kg3 Kf8
28.Bf5 Nd6 29.Bxc8 Nxc8 30.Kf4 f6 31.Ne6+ Kg8 32.e4 Ne7 33.Ke3 dxe4 34.
Kxe4 Nc6 35.Nc5 Nb4 36.a3 Nc2 37.a4 Na1 38.Kd3 b6 39.Nxa6 Nxb3 40.Kc4 Nd2+
41.Kb5 g5 42.Kxb6 f5 43.Nc5 h5 44.gxh5 Nc4+ 45.Kb5 Nd6+ 46.Kc6 Nc4 47.Kd5 
Na5 48.Ke5 Kh7 49.Kxf5 Kh6 50.Kg4 Nc4 51.Nb7 Ne5+ 52.Kg3 Kxh5 53.a5 Nc6 
54.a6 1-0

[Event "15th Unive op"]
[Site "Hoogeveen NED"]
[Date "2011.10.20"]
[Round "7.16"]
[White "Grant, Jonathan"]
[Black "Wagner, Dennis"]
[Result "1/2-1/2"]
[WhiteElo "2209"]
[BlackElo "2290"]
[EventDate "2011.10.14"]
[PlyCount "80"]

1.c4 c5 2.g3 Nf6 3.Bg2 Nc6 4.Nc3 g6 5.e4 Bg7 6.Nge2 O-O 7.O-O d6 8.d3 Rb8 
9.h3 a6 10.a4 Ne8 11.Be3 Nd4 12.Rb1 Nc7 13.b4 Bd7 14.b5 axb5 15.axb5 Nce6 
16.f4 Ra8 17.f5 Nxe2+ 18.Nxe2 Nd4 19.Bxd4 cxd4 20.Qd2 e6 21.fxe6 fxe6 22.
e5 Rxf1+ 23.Rxf1 d5 24.cxd5 Bxe5 25.dxe6 Bxe6 26.Nf4 Bxf4 27.Qxf4 Bd5 28.
Qe5 Bxg2 29.Kxg2 Qd7 30.Rf2 Re8 31.Qf6 Qd5+ 32.Kh2 Ra8 33.b6 Re8 34.h4 Rc8
35.Re2 Rf8 36.Qe6+ Qxe6 37.Rxe6 Rf2+ 38.Kh3 Rb2 39.Rd6 Kf8 40.Rxd4 Rxb6 
1/2-1/2

[Event "15th Unive op"]
[Site "Hoogeveen NED"]
[Date "2011.10.20"]
[Round "7.17"]
[White "Timmermans, Ivo"]
[Black "Sekandar, Kambiz"]
[Result "1-0"]
[WhiteElo "2247"]
[BlackElo "1922"]
[EventDate "2011.10.14"]
[PlyCount "127"]

1.e4 c6 2.d4 d5 3.e5 Bf5 4.c3 e6 5.Be3 Qb6 6.Qb3 Nd7 7.Nd2 f6 8.f4 Be7 9.
Ngf3 Nh6 10.h3 Bg6 11.g4 fxe5 12.fxe5 O-O 13.Be2 Qc7 14.c4 b5 15.c5 Qd8 
16.O-O Rf7 17.a4 a6 18.Qc3 Rf8 19.Ra3 Nf7 20.Rfa1 Rc8 21.axb5 axb5 22.Ra7 
h5 23.Rb7 hxg4 24.hxg4 Rb8 25.Rxb8 Nxb8 26.Qa5 Nh6 27.Qxd8 Bxd8 28.Ng5 Re8
29.Ra8 Bc7 30.Ra7 Bd8 31.Nb3 Nf7 32.Nh3 Be4 33.Bd2 Re7 34.Ra8 Rb7 35.Ba5 
Bc2 36.Bxd8 Bxb3 37.Bc7 Rxc7 38.Rxb8+ Kh7 39.Bd3+ g6 40.Nf4 Nh8 41.Ra8 Bc4
42.Bc2 Rf7 43.Nxe6 Rf1+ 44.Kg2 Rc1 45.Ra7+ Kh6 46.g5+ Kh5 47.Kg3 Rg1+ 48.
Kf2 Rc1 49.Kf3 Nf7 50.Nf4+ Kxg5 51.Rxf7 Rxc2 52.Rf6 Rxb2 53.Rxg6+ Kf5 54.
Rf6+ Kg5 55.Ne6+ Kh5 56.Nd8 Rb1 57.e6 Rf1+ 58.Ke3 Re1+ 59.Kd2 Re2+ 60.Kc3 
Kg5 61.Rf3 Re4 62.Nf7+ Kh5 63.Ne5 Be2 64.e7 1-0

[Event "15th Unive op"]
[Site "Hoogeveen NED"]
[Date "2011.10.20"]
[Round "7.18"]
[White "Klein, David"]
[Black "Mellema, Andries"]
[Result "1-0"]
[WhiteElo "2359"]
[BlackElo "2182"]
[EventDate "2011.10.14"]
[PlyCount "59"]

1.g3 g6 2.Bg2 Bg7 3.e4 e6 4.h4 d5 5.Nc3 Nf6 6.exd5 exd5 7.Qe2+ Be6 8.d4 
Nc6 9.Be3 Qe7 10.Nh3 O-O-O 11.Nf4 Kb8 12.Nxe6 Qxe6 13.O-O-O Rhe8 14.Rhe1 
Qd6 15.a3 Qd7 16.Qf1 Ne4 17.Nxe4 dxe4 18.Kb1 f5 19.f3 Qe6 20.fxe4 fxe4 21.
Bg5 Rxd4 22.Rxd4 Nxd4 23.Rxe4 Qd7 24.Qd3 Rxe4 25.Bxe4 Qe8 26.Be3 Nf5 27.
Bf4 Nd6 28.Bxd6 cxd6 29.Qxd6+ Ka8 30.Qc7 1-0

[Event "15th Unive op"]
[Site "Hoogeveen NED"]
[Date "2011.10.20"]
[Round "7.19"]
[White "Van der Wiel, John"]
[Black "Law, Nicky"]
[Result "1/2-1/2"]
[WhiteElo "2459"]
[BlackElo "2208"]
[EventDate "2011.10.14"]
[PlyCount "44"]

1.e4 c5 2.Nf3 d6 3.d4 cxd4 4.Nxd4 Nf6 5.Nc3 g6 6.Be3 Bg7 7.f3 Nc6 8.Qd2 
O-O 9.O-O-O d5 10.exd5 Nxd5 11.Nxc6 bxc6 12.Bd4 Bxd4 13.Qxd4 Qb6 14.Na4 
Qa5 15.b3 Qc7 16.g3 Nb6 17.Nc5 a5 18.a3 Bf5 19.Na6 Qb7 20.Nc5 Qc7 21.Na6 
Qb7 22.Nc5 Qc7 1/2-1/2

[Event "15th Unive op"]
[Site "Hoogeveen NED"]
[Date "2011.10.20"]
[Round "7.20"]
[White "Lorscheid, Gerhard"]
[Black "Van Delft, Merijn"]
[Result "0-1"]
[WhiteElo "2277"]
[BlackElo "2413"]
[EventDate "2011.10.14"]
[PlyCount "78"]

1.d4 d5 2.c4 c6 3.Nc3 Nf6 4.e3 e6 5.Nf3 Nbd7 6.Bd3 dxc4 7.Bxc4 b5 8.Bd3 a6
9.e4 c5 10.d5 Qc7 11.O-O Bb7 12.dxe6 fxe6 13.Bc2 Bd6 14.Ng5 Nf8 15.f4 
O-O-O 16.Qe1 e5 17.f5 h6 18.Nf3 N8d7 19.Nd1 c4 20.Nf2 Kb8 21.Bd2 Bc5 22.
Kh1 Rhe8 23.a4 Qc6 24.axb5 axb5 25.Be3 Qb6 26.Bxc5 Nxc5 27.Qe2 Rd4 28.Qe3 
Ncxe4 29.Nxe4 Nxe4 30.Bxe4 Bxe4 31.Rfe1 Bxf3 32.Qxf3 Qb7 33.Ra5 Qxf3 34.
gxf3 Rd5 35.Rea1 Kb7 36.Ra7+ Kb6 37.Rxg7 Rf8 38.b4 cxb3 39.Rg6+ Kc5 0-1

[Event "15th Unive op"]
[Site "Hoogeveen NED"]
[Date "2011.10.20"]
[Round "7.21"]
[White "Slingerland, Fred"]
[Black "Stavast, Dick"]
[Result "1-0"]
[WhiteElo "2379"]
[BlackElo "2097"]
[EventDate "2011.10.14"]
[PlyCount "27"]

1.e4 e5 2.Nf3 Nc6 3.d4 exd4 4.Nxd4 Bc5 5.Be3 Qf6 6.c3 Nge7 7.g3 d6 8.Bg2 
Ne5 9.O-O Bg4 10.Qa4+ Bd7 11.Qb3 Bxd4 12.cxd4 Nf3+ 13.Bxf3 Qxf3 14.Nd2 1-0

[Event "15th Unive op"]
[Site "Hoogeveen NED"]
[Date "2011.10.20"]
[Round "7.22"]
[White "Klapwijk, Bram"]
[Black "Willemze, Thomas"]
[Result "0-1"]
[WhiteElo "2025"]
[BlackElo "2370"]
[EventDate "2011.10.14"]
[PlyCount "102"]

1.e4 c6 2.Nc3 d5 3.Nf3 Bg4 4.h3 Bxf3 5.Qxf3 Nf6 6.exd5 cxd5 7.Bb5+ Nc6 8.
d4 e6 9.O-O Be7 10.Bg5 O-O 11.Rad1 Qb6 12.Bxc6 Qxc6 13.Qd3 Rac8 14.Rc1 
Rfe8 15.Bd2 a6 16.Nd1 Ne4 17.Ne3 b5 18.Be1 f5 19.f3 Nd6 20.Bb4 Nc4 21.Bxe7
Rxe7 22.Nxc4 Qxc4 23.Qxc4 Rxc4 24.Rfd1 Rec7 25.Rd2 b4 26.Kf2 a5 27.Ke2 a4 
28.Kd1 R4c6 29.Rd3 Kf7 30.f4 h6 31.Kd2 g5 32.g3 Kf6 33.c3 gxf4 34.gxf4 Rg7
35.Re3 a3 36.bxa3 bxa3 37.Kd3 Rb6 38.Rce1 h5 39.R3e2 h4 40.Re3 Rg2 41.R1e2
Rxe2 42.Rxe2 Rb1 43.Kc2 Rf1 44.Re3 Rxf4 45.Kb3 Rf1 46.Kxa3 f4 47.Rd3 Rb1 
48.c4 dxc4 49.Rc3 Kf5 50.Rxc4 f3 51.Rc8 Ke4 0-1

[Event "15th Unive op"]
[Site "Hoogeveen NED"]
[Date "2011.10.20"]
[Round "7.23"]
[White "Ootes, Lars"]
[Black "Vinke, Maarten"]
[Result "1-0"]
[WhiteElo "2340"]
[BlackElo "2032"]
[EventDate "2011.10.14"]
[PlyCount "75"]

1.e4 e5 2.Nf3 Nc6 3.Bb5 f5 4.Nc3 fxe4 5.Nxe4 Nf6 6.Qe2 Be7 7.Nxf6+ Bxf6 8.
d4 O-O 9.Bxc6 dxc6 10.dxe5 Re8 11.h3 Qe7 12.Qc4+ Kh8 13.Bf4 g5 14.O-O-O 
gxf4 15.exf6 Qxf6 16.Qd4 Kg7 17.Rhe1 Qxd4 18.Rxd4 Be6 19.Rxf4 Bd5 20.Kd2 
Rxe1 21.Nxe1 a5 22.Nd3 Bxa2 23.b3 a4 24.Rxa4 Rxa4 25.bxa4 b6 26.Ne5 c5 27.
g4 Kf6 28.f4 Bd5 29.Ke3 Ba2 30.h4 Bb1 31.Kd3 Ke6 32.h5 h6 33.g5 Ke7 34.
gxh6 Kf8 35.f5 Ba2 36.h7 Kg7 37.f6+ Kxh7 38.f7 1-0

[Event "15th Unive op"]
[Site "Hoogeveen NED"]
[Date "2011.10.20"]
[Round "7.24"]
[White "Rietveld, Renze"]
[Black "Gieben, Stijn"]
[Result "0-1"]
[WhiteElo "2291"]
[BlackElo "1940"]
[EventDate "2011.10.14"]
[PlyCount "76"]

1.e4 e6 2.d4 d5 3.Nd2 Nf6 4.e5 Nfd7 5.Bd3 c5 6.c3 Nc6 7.Ne2 Qb6 8.Nf3 cxd4
9.cxd4 f6 10.exf6 Nxf6 11.O-O Bd7 12.Bg5 Bd6 13.Nc3 O-O-O 14.Na4 Qc7 15.
Rc1 Kb8 16.Nc5 Qb6 17.Na4 Qc7 18.a3 Bf4 19.Bxf4 Qxf4 20.Bb5 Na5 21.Bxd7 
Nxd7 22.Re1 Rhe8 23.Qd3 Nc6 24.Nc5 Nxc5 25.Rxc5 e5 26.dxe5 Nxe5 27.Nxe5 
Rxe5 28.Rxe5 Qxe5 29.Qg3 Qxg3 30.hxg3 b6 31.Rc1 Rc8 32.Rxc8+ Kxc8 33.g4 
Kd7 34.g5 Ke6 35.f4 Kf5 36.g3 Kg4 37.Kf2 g6 38.b3 d4 0-1

[Event "15th Unive op"]
[Site "Hoogeveen NED"]
[Date "2011.10.20"]
[Round "7.25"]
[White "Okkes, Menno"]
[Black "Van Lommel, Patrick"]
[Result "1-0"]
[WhiteElo "2386"]
[BlackElo "2111"]
[EventDate "2011.10.14"]
[PlyCount "109"]

1.Nf3 Nf6 2.c4 g6 3.Nc3 Bg7 4.e4 d6 5.d4 O-O 6.h3 Na6 7.Be3 e5 8.d5 Nc5 9.
Nd2 a5 10.g4 Bd7 11.Be2 c6 12.g5 Ne8 13.Nb3 cxd5 14.Nxc5 d4 15.Nxd7 Qxd7 
16.Bd2 dxc3 17.Bxc3 Nc7 18.Bg4 Qc6 19.Qd3 Ne6 20.Bxe6 fxe6 21.b3 b6 22.a4 
Qc5 23.O-O Rf7 24.Rad1 Bf8 25.Bd2 Be7 26.Be3 Qc6 27.f3 Raf8 28.Kg2 Qc7 29.
Rf2 Rf4 30.Bxf4 Rxf4 31.Kh2 Qc5 32.Rg2 Kf7 33.Rdd2 Ke8 34.Rg3 Kd7 35.Qe2 
Kc7 36.Rd3 Kc6 37.Qg2 Kd7 38.Qd2 Kc6 39.Kg2 Kc7 40.Rg4 Rf7 41.h4 Qc6 42.
Qe2 Qc5 43.Qe1 Kb7 44.Qf2 Qc6 45.Qe3 Bf8 46.Rd1 Qc7 47.Rh1 Qe7 48.Qd2 Qc7 
49.h5 Qe7 50.hxg6 hxg6 51.Rh8 Rf4 52.Rxf4 Qxg5+ 53.Kf1 exf4 54.Rxf8 Qh6 
55.Qxf4 1-0

[Event "15th Unive op"]
[Site "Hoogeveen NED"]
[Date "2011.10.20"]
[Round "7.26"]
[White "Beukema, Stefan"]
[Black "Van Dorp, Folke"]
[Result "0-1"]
[WhiteElo "2259"]
[BlackElo "2050"]
[EventDate "2011.10.14"]
[PlyCount "92"]

1.e4 c5 2.Nf3 e6 3.d4 cxd4 4.Nxd4 a6 5.Nc3 b5 6.Bd3 Qb6 7.Be3 Bc5 8.Nce2 
Nf6 9.c3 Qc7 10.a4 b4 11.Nc2 Bxe3 12.Nxe3 bxc3 13.Nxc3 Bb7 14.O-O O-O 15.
Rc1 Nc6 16.Kh1 Qf4 17.Ne2 Qh4 18.f4 d6 19.Rf3 Nb4 20.Bb1 Nxe4 21.Rc7 Bd5 
22.Nxd5 exd5 23.Kg1 Rac8 24.Rxc8 Rxc8 25.Nc3 Qe7 26.Qe1 Re8 27.Re3 Qa7 28.
Nxe4 dxe4 29.Kf1 d5 30.Rg3 a5 31.f5 h6 32.Qe2 Re5 33.Qg4 Qa6+ 34.Kg1 Qf6 
35.h3 Rxf5 36.Kh2 Qe5 37.h4 Rf1 38.Bc2 Nxc2 39.Qc8+ Kh7 40.Qxc2 Rh1+ 41.
Kxh1 Qxg3 42.Qd2 Qd3 43.Qxa5 e3 44.Qe1 e2 45.Kh2 Qd1 46.Qf2 Qf1 0-1

[Event "15th Unive op"]
[Site "Hoogeveen NED"]
[Date "2011.10.20"]
[Round "7.27"]
[White "Baskin, Robert"]
[Black "Van Weersel, Arlette"]
[Result "1/2-1/2"]
[WhiteElo "2016"]
[BlackElo "2191"]
[EventDate "2011.10.14"]
[PlyCount "135"]

1.e4 e5 2.Nf3 Nc6 3.Bb5 a6 4.Ba4 Nf6 5.d3 d6 6.c4 g6 7.d4 Bd7 8.d5 Nb8 9.
Bxd7+ Nbxd7 10.Nc3 Bg7 11.O-O O-O 12.Ne1 Kh8 13.Be3 Qe7 14.b4 Ng8 15.Nd3 
f5 16.f3 f4 17.Bf2 g5 18.c5 Ndf6 19.b5 axb5 20.Nxb5 g4 21.cxd6 cxd6 22.Be1
Nh6 23.Bb4 Nf7 24.Qe2 Rg8 25.fxg4 Bf8 26.Nf2 Qd7 27.h3 Be7 28.a4 Raf8 29.
Rac1 Bd8 30.a5 Ne8 31.Kh2 Bh4 32.Nh1 Ng5 33.Be1 Bxe1 34.Rcxe1 Nxe4 35.Qxe4
Qxb5 36.Rb1 Qxa5 37.Rxb7 Rg7 38.Rb8 Rgf7 39.Rfb1 f3 40.R1b7 Qd2 41.Rb2 Qh6
42.gxf3 Rxf3 43.Ng3 R3f4 44.Qe3 Qf6 45.Nh5 Rf2+ 46.Rxf2 Qxf2+ 47.Qxf2 
Rxf2+ 48.Kg1 Rf8 49.Ng3 Kg8 50.Ne4 Kg7 51.Ng5 Kg8 52.Ne4 Kf7 53.Rb7+ Kg8 
54.Rb8 Nc7 55.Rxf8+ Kxf8 56.Nxd6 Nxd5 57.Nc4 e4 58.Nd6 e3 59.Nf5 Kf7 60.
Kf1 Kf6 61.Ke2 Nf4+ 62.Kxe3 Nxh3 63.Kf3 Ng5+ 64.Kf4 Ne6+ 65.Kf3 Kg5 66.Nd6
Nd4+ 67.Kg3 Nc6 68.Nf7+ 1/2-1/2

[Event "15th Unive op"]
[Site "Hoogeveen NED"]
[Date "2011.10.20"]
[Round "7.28"]
[White "Yamada, Kohei"]
[Black "Van Foreest, Jorden"]
[Result "1-0"]
[WhiteElo "2093"]
[BlackElo "2153"]
[EventDate "2011.10.14"]
[PlyCount "81"]

1.d4 d5 2.c4 c6 3.Nf3 Nf6 4.Nc3 e6 5.Bg5 dxc4 6.e4 b5 7.e5 h6 8.Bh4 g5 9.
Nxg5 hxg5 10.Bxg5 Nbd7 11.exf6 Bb7 12.g3 c5 13.d5 Qb6 14.Bg2 O-O-O 15.O-O 
b4 16.Na4 Qb5 17.a3 Ne5 18.axb4 cxb4 19.Qd4 Nc6 20.Nb6+ axb6 21.dxc6 Bxc6 
22.Bxc6 Qxc6 23.Qg4 Bc5 24.Ra7 c3 25.bxc3 bxc3 26.Rxf7 c2 27.h4 b5 28.Rc1 
Rd4 29.Qe2 Rhd8 30.Qxc2 Rc4 31.Qe2 Rxc1+ 32.Bxc1 Bd4 33.Bg5 b4 34.Re7 e5 
35.f7 b3 36.Re8 Rxe8 37.fxe8=Q+ Qxe8 38.Qc4+ Kd7 39.Qxb3 Qa8 40.Qf7+ Kd6 
41.Be7+ 1-0

[Event "15th Unive op"]
[Site "Hoogeveen NED"]
[Date "2011.10.20"]
[Round "7.29"]
[White "Knol, Geon"]
[Black "Beerdsen, Thomas"]
[Result "1-0"]
[WhiteElo "2137"]
[BlackElo "2019"]
[EventDate "2011.10.14"]
[PlyCount "83"]

1.e4 c5 2.Nc3 a6 3.g3 d6 4.Bg2 Nc6 5.d3 g6 6.f4 Bg7 7.Be3 Nf6 8.h3 Rb8 9.
Nge2 Qc7 10.O-O O-O 11.Qd2 b5 12.Rae1 b4 13.Nd1 Bb7 14.g4 Nd7 15.c3 bxc3 
16.bxc3 Nb6 17.h4 Qd7 18.Nf2 Ba8 19.g5 Na4 20.Bh3 Qc7 21.Nd1 f5 22.exf5 
gxf5 23.d4 Na5 24.d5 Nc4 25.Qc2 Nab2 26.Bxf5 Nxd1 27.Bxh7+ Kh8 28.Qg6 
Ndxe3 29.Qh5 Rf6 30.gxf6 exf6 31.Bf5+ Kg8 32.Be6+ Kf8 33.Qh7 Bxd5 34.Qg8+ 
Ke7 35.Qxg7+ Kxe6 36.Nd4+ cxd4 37.f5+ Ke5 38.Qg3+ Ke4 39.Qf4+ Kd3 40.Qxd4+
Kc2 41.Re2+ Nd2 42.Qxd2# 1-0

[Event "15th Unive op"]
[Site "Hoogeveen NED"]
[Date "2011.10.20"]
[Round "7.30"]
[White "Hoffman, Ron"]
[Black "Hummel, Joop"]
[Result "1/2-1/2"]
[WhiteElo "2121"]
[BlackElo "2004"]
[EventDate "2011.10.14"]
[PlyCount "58"]

1.Nf3 d5 2.b3 c5 3.Bb2 Nc6 4.e3 a6 5.c4 d4 6.exd4 cxd4 7.g3 e5 8.Bg2 Bd6 
9.O-O Nge7 10.Re1 Bg4 11.h3 Bh5 12.a3 f5 13.d3 a5 14.Qc2 Rc8 15.c5 Bb8 16.
b4 axb4 17.axb4 Bxf3 18.Bxf3 Nxb4 19.Qb3 Nbd5 20.Bxd4 exd4 21.Bxd5 Rxc5 
22.Bf7+ Kf8 23.Nd2 Rc3 24.Qe6 Rc6 25.Qb3 Rb6 26.Qc4 Rc6 27.Qb3 Rb6 28.Qc4 
Rc6 29.Qb3 Rb6 1/2-1/2

[Event "15th Unive op"]
[Site "Hoogeveen NED"]
[Date "2011.10.20"]
[Round "7.32"]
[White "De Groot, Hendrik"]
[Black "Markus, John Raymond"]
[Result "1/2-1/2"]
[WhiteElo "1953"]
[BlackElo "2167"]
[EventDate "2011.10.14"]
[PlyCount "30"]

1.Nf3 Nf6 2.c4 c5 3.g3 b6 4.Bg2 Bb7 5.O-O d6 6.Nc3 a6 7.a3 g6 8.b4 Bg7 9.
Qc2 O-O 10.Bb2 Nbd7 11.Rab1 Rc8 12.d3 cxb4 13.axb4 d5 14.Nd2 Rc7 15.Qa4 d4
1/2-1/2

[Event "15th Unive op"]
[Site "Hoogeveen NED"]
[Date "2011.10.20"]
[Round "7.33"]
[White "Henseler, Jorgen"]
[Black "Fehr, Axel"]
[Result "1/2-1/2"]
[WhiteElo "2073"]
[BlackElo "2163"]
[EventDate "2011.10.14"]
[PlyCount "137"]

1.d4 d5 2.c4 c6 3.Nf3 Nf6 4.Nc3 a6 5.e3 b5 6.c5 Bg4 7.h3 Bxf3 8.gxf3 g6 9.
f4 Bg7 10.Bd3 e6 11.Bd2 a5 12.Qf3 Na6 13.Rc1 Nc7 14.Ne2 Nd7 15.Rg1 Bf6 16.
Qg4 Qe7 17.Bc3 b4 18.Bd2 e5 19.fxe5 Bxe5 20.Kd1 Ne6 21.b3 Bg7 22.Nf4 Nf6 
23.Qf3 Nxf4 24.Qxf4 O-O 25.Qd6 Qb7 26.Ke2 Rfe8 27.f3 Re6 28.Qf4 Rae8 29.
Kf2 Kh8 30.Rce1 Qe7 31.Qg5 h6 32.Qf4 Nh5 33.Qg4 Nf6 34.Qf4 Ng8 35.Kg2 h5 
36.Qh2 Bh6 37.f4 f5 38.Kh1 Kh7 39.Qg3 Qf7 40.Kh2 Nf6 41.Kh1 Ne4 42.Bxe4 
Rxe4 43.Kh2 R8e6 44.Kh1 Bf8 45.Kh2 Qb7 46.Rb1 Be7 47.Qf2 Qb8 48.Rbe1 Qd8 
49.Qg2 Bh4 50.Rd1 Qb8 51.Kh1 Qe8 52.Rgf1 Qa8 53.Rg1 Qe8 54.Bc1 Re7 55.Bd2 
Rg7 56.Qf3 Qf7 57.Rdf1 Re8 58.Rg2 Reg8 59.Rfg1 Kh8 60.Be1 Bf6 61.Bg3 Re8 
62.Be1 Qb7 63.Bd2 Qb5 64.Qf1 Qb7 65.Qf3 Qe7 66.Bc1 Bh4 67.Bd2 Qe6 68.Bc1 
Reg8 69.Bd2 1/2-1/2

[Event "15th Unive op"]
[Site "Hoogeveen NED"]
[Date "2011.10.20"]
[Round "7.34"]
[White "Sadallah, Osama"]
[Black "Mol, Christiaan"]
[Result "1-0"]
[WhiteElo "2145"]
[BlackElo "2013"]
[EventDate "2011.10.14"]
[PlyCount "61"]

1.d4 Nf6 2.c4 e6 3.Nf3 b6 4.g3 Bb7 5.Bg2 Bb4+ 6.Bd2 Be7 7.Nc3 O-O 8.Qc2 d5
9.Ne5 c6 10.cxd5 exd5 11.O-O Nfd7 12.Nd3 Bf6 13.Be3 Na6 14.b4 Nc7 15.Rfd1 
Re8 16.Rab1 Ne6 17.Nc1 a6 18.a4 Ndf8 19.Qb3 Nc7 20.b5 cxb5 21.axb5 Ng6 22.
Nd3 Rxe3 23.fxe3 Qe7 24.Nxd5 Bxd5 25.Bxd5 Qxe3+ 26.Kf1 Bxd4 27.Kg2 Rf8 28.
bxa6 Nxa6 29.Bf3 Ne5 30.Nxe5 Qxe5 31.Qc4 1-0

[Event "15th Unive op"]
[Site "Hoogeveen NED"]
[Date "2011.10.20"]
[Round "7.35"]
[White "Maatman, Nick"]
[Black "Middelveld, Martine"]
[Result "1/2-1/2"]
[WhiteElo "1980"]
[BlackElo "2143"]
[EventDate "2011.10.14"]
[PlyCount "87"]

1.d4 e6 2.c4 Nf6 3.Nf3 b6 4.g3 Bb7 5.Bg2 Be7 6.O-O O-O 7.d5 exd5 8.Nh4 c6 
9.cxd5 Nxd5 10.Nf5 Nc7 11.e4 d5 12.Re1 Bf6 13.e5 Be7 14.Nc3 Nba6 15.a3 Bc8
16.Nxe7+ Qxe7 17.b4 Be6 18.Qh5 f5 19.Rd1 Bf7 20.Qe2 Rad8 21.b5 cxb5 22.
Nxb5 Nxb5 23.Qxb5 Nc5 24.Bb2 Be6 25.a4 f4 26.Bd4 fxg3 27.hxg3 Ne4 28.a5 
Qf7 29.axb6 Nc3 30.Bxc3 Qxf2+ 31.Kh2 Rf5 32.Ra4 Rh5+ 33.Rh4 Rxh4+ 34.gxh4 
Qxh4+ 35.Kg1 axb6 36.Qxb6 Re8 37.Qc6 Qh5 38.Rf1 Qg6 39.Bb4 h5 40.Kh2 Rc8 
41.Qd6 Rc2 42.Qf8+ Kh7 43.Qf3 Bf5 44.Qxf5 1/2-1/2

[Event "15th Unive op"]
[Site "Hoogeveen NED"]
[Date "2011.10.20"]
[Round "7.36"]
[White "Maris, Ivo"]
[Black "Potze, Rudolf"]
[Result "1-0"]
[WhiteElo "1998"]
[BlackElo "2126"]
[EventDate "2011.10.14"]
[PlyCount "115"]

1.d4 g6 2.Nf3 Bg7 3.c4 Nf6 4.Nc3 d5 5.cxd5 Nxd5 6.e4 Nxc3 7.bxc3 O-O 8.Be2
c5 9.Rb1 cxd4 10.cxd4 Qa5+ 11.Bd2 Qxa2 12.O-O Nc6 13.d5 Ne5 14.Nxe5 Bxe5 
15.Bb4 Bd6 16.e5 Bxb4 17.Rxb4 a5 18.Bc4 Qa3 19.Ra4 Qc5 20.Ba2 b5 21.Rh4 
Qc3 22.e6 fxe6 23.Qg4 Qf6 24.Qh3 h5 25.Qg3 Kg7 26.Re1 Ra6 27.Rhe4 Rd6 28.
h4 exd5 29.Rxe7+ Rf7 30.Rxf7+ Kxf7 31.Qd3 b4 32.Bxd5+ Kg7 33.Qc4 Qd8 34.
Bf3 Bf5 35.Qc5 b3 36.Qc3+ Kh6 37.Qe3+ Kh7 38.Qxb3 Rd7 39.Qc4 Re7 40.Rd1 
Qc7 41.Qb5 Re5 42.Qa6 Qe7 43.g3 Bc2 44.Rd4 Bf5 45.Qa8 Qf6 46.Rd8 Be6 47.
Kg2 Rf5 48.Qa7+ Kh6 49.Qe3+ Kg7 50.Ra8 Qe5 51.Ra7+ Bf7 52.Qd3 Qc5 53.Ra6 
Bc4 54.Qc3+ Kh7 55.Rc6 Rxf3 56.Qxf3 Qd4 57.Rc7+ Kh8 58.Qf8+ 1-0

[Event "15th Unive op"]
[Site "Hoogeveen NED"]
[Date "2011.10.20"]
[Round "7.37"]
[White "Kollen, Zyon"]
[Black "Go, Benjamin"]
[Result "1/2-1/2"]
[WhiteElo "2112"]
[BlackElo "2153"]
[EventDate "2011.10.14"]
[PlyCount "79"]

1.e4 e5 2.Nf3 Nc6 3.Bb5 a6 4.Bxc6 dxc6 5.O-O Bg4 6.h3 h5 7.d3 Qf6 8.Re1 
Bc5 9.Be3 Bxf3 10.Qxf3 Qxf3 11.gxf3 Bd6 12.Nd2 Ne7 13.Nc4 O-O-O 14.f4 exf4
15.Nxd6+ cxd6 16.Bxf4 g5 17.Bd2 Rhg8 18.Kh2 Rg6 19.Rg1 Rdg8 20.Rg3 Kd7 21.
Rag1 f6 22.f3 Ke6 23.R1g2 Kf7 24.Kg1 R6g7 25.Kf2 Ng6 26.Rg1 Nf4 27.Bxf4 
gxf4 28.Rxg7+ Rxg7 29.Rxg7+ Kxg7 30.d4 Kg6 31.h4 Kf7 32.Ke2 Ke6 33.Kd3 Kd7
34.a4 b6 35.b4 Ke6 36.c3 Kd7 37.c4 c5 38.bxc5 bxc5 39.dxc5 dxc5 40.a5 
1/2-1/2